000 01110cam a22002894a 4500
001 4982196
003 ARRUPE
005 20150324020007.0
008 981001s1999 enka b 001 0 eng
010 _a 98046772
020 _a0745313957 (pbk.)
020 _a0745313973 (hbk)
040 _aDLC
_cDLC
_dDLC
042 _apcc
050 0 0 _aJZ8373
_b.S58 1999
082 0 0 _a327.1/7
_221
100 1 _aSimons, G. L.
_q(Geoffrey Leslie),
_d1939-
_912960
245 1 0 _aImposing economic sanctions :
_blegal remedy or genocidal tool? /
_cGeoff Simons.
260 _aLondon ;
_aSterling, Va. :
_bPluto Press,
_c1999.
300 _axi, 212 p. :
_bill. ;
_c22 cm.
504 _aIncludes bibliographical references (p. 181-198) and index.
650 0 _aEconomic sanctions.
_912961
650 0 _aSanctions (International law)
_912962
906 _a7
_bcbc
_corignew
_d1
_eocip
_f19
_gy-gencatlg
942 _2lcc
_cMONOGRAPH
_08
999 _c121356
_d121356